000
00321nam a2200109Ia 4500
008
230724s2010 xx und d
041
_a
eng
100
_a
A I S C
245
_a
SEISMIC PROVISIONS FOR STRUCTURAL STEEL BUILDINGS APRIL 15TH 1997.
260
_b
AMERICAN SOCIETY OF PLANT PHYSIOLOGISTS
_c
2010
300
_a
146
999
_c
1174310
_d
1174310